000 00730nam a2200229Ii 4500
003 JO-AjNU
008 230605s9999||||xx |||||||||||||| ||und||
017 _a2013/14408
020 _a978-977-436-358-8
040 _aJO-AjNU
_bara
_erda
_cJO-AjNU
041 _aara
050 1 4 _aD743 2017
100 3 _aسلامة، أسامة,
_eauthor
_960534
245 0 0 _aالحرب العالمية الثانية
250 _aط2
264 3 1 _aالقاهرة:الدار العالمية للكتب والنشر،2017
300 _a288ص
336 _atext
_btxt
_2rdacontent
337 _aunmediated
_bn
_2rdamedia
338 _avolume
_bnc
_2rdacarrier
650 4 _aالحرب العالمية الثانية - تاريخ
_960535
999 _aA27301
_c30869
_d30869